000 00489 a2200169 4500
003 OSt
005 20230818140256.0
008 230818b |||||||| |||| 00| 0 eng d
020 _a9788182094994
040 _coclc
082 _a174.4
_bSUN/B
100 _aSundar, K
_99317
245 _aBUSINESS ETHICS AND VALUES /
_cK Sundar
260 _aChennai:
_bVijay nicole imprints,
_c2019.
300 _amultipagination
942 _2ddc
_cBK
_h174.4
_iSUN/B
_k174.4
_mSUN/B
999 _c41925
_d41925